[Event "Ufa Startsev Memorial"]
[Site "Ufa"]
[Date "2024.02.08"]
[Round "4"]
[White "Zvjaginsev, Vadim"]
[Black "Dimitrov, Radoslav"]
[Result "1/2-1/2"]
[WhiteElo "2572"]
[BlackElo "2486"]
[PlyCount "64"]
[EventDate "2024.02.06"]
[EventType "swiss"]
[EventRounds "9"]
[EventCountry "RUS"]
[SourceTitle "CB07_2024"]
[SourceDate "2024.02.14"]
[SourceVersion "1"]
[SourceVersionDate "2024.02.14"]
[SourceQuality "1"]

1. Nf3 Nf6 2. c4 c5 3. Nc3 d5 4. cxd5 Nxd5 5. g3 Nc6 6. Bg2 g6 7. 0-0 Bg7 8. d4 cxd4 9. Nxd4 Nxc3 10. bxc3 Nxd4 11. cxd4 Qxd4 12. Rb1 0-0 13. Qxd4 Bxd4 14. Bh6 Rd8 15. Bxb7 Rb8 16. Bxc8 Rdxc8 17. Rxb8 Rxb8 18. Rd1 Bc5 19. Rd3 f6 20. Be3 Rb1+ 21. Kg2 Bb6 22. Rd7 Kf7 23. Rb7 Ra1 24. Bxb6 axb6 25. Rxb6 Rxa2 26. e3 h5 27. h4 Rc2 28. Kg1 Rc1+ 29. Kg2 Rc2 30. Kg1 Rc1+ 31. Kg2 Rc2 32. Kg1 Rc1+ 1/2-1/2

[Event "Ufa Startsev Memorial Rapid"]
[Site "Ufa"]
[Date "2024.02.05"]
[Round "10"]
[White "Dimitrov, Radoslav"]
[Black "Ponkratov, Pavel"]
[Result "0-1"]
[WhiteElo "2486"]
[BlackElo "2614"]
[PlyCount "64"]
[EventDate "2024.02.04"]
[EventType "swiss (rapid)"]
[EventRounds "11"]
[EventCountry "RUS"]
[SourceTitle "CB07_2024"]
[SourceDate "2024.02.14"]
[SourceVersion "1"]
[SourceVersionDate "2024.02.14"]
[SourceQuality "1"]

1. c4 e5 2. Nc3 Nf6 3. Nf3 Nc6 4. d4 exd4 5. Nxd4 Bb4 6. g3 0-0 7. Bg2 Re8 8. 0-0 Bxc3 9. bxc3 Ne5 10. c5 Rb8 11. Qa4 a6 12. Rd1 b5 13. cxb6 cxb6 14. Bf4 b5 15. Qb3 Qc7 16. Nf5 Rb6 17. Qa3 Qd8 18. Qc5 d5 19. Bxd5 Nfd7 20. Qa3 Qf6 21. e4 g6 22. Nh6+ Kg7 23. Be3 Nf3+ 24. Kg2 Nde5 25. Bxb6 Ne1+ 26. Kf1 Nc2 27. Qb2 Nxa1 28. Bd4 Qf3 29. Rxa1 Kxh6 30. Qd2+ g5 31. Bxe5 Rxe5 32. Qd4 Bg4 0-1

[Event "Ufa Startsev Memorial Rapid"]
[Site "Ufa"]
[Date "2024.02.05"]
[Round "9"]
[White "Kezin, Roman"]
[Black "Dimitrov, Radoslav"]
[Result "1-0"]
[WhiteElo "2486"]
[BlackElo "2486"]
[PlyCount "139"]
[EventDate "2024.02.04"]
[EventType "swiss (rapid)"]
[EventRounds "11"]
[EventCountry "RUS"]
[SourceTitle "CB07_2024"]
[SourceDate "2024.02.14"]
[SourceVersion "1"]
[SourceVersionDate "2024.02.14"]
[SourceQuality "1"]

1. d4 c5 2. d5 g6 3. e4 Bg7 4. Nc3 d6 5. Nf3 Nf6 6. Bb5+ Bd7 7. a4 Bxb5 8. axb5 Nbd7 9. 0-0 0-0 10. Qe2 Ne8 11. Bf4 Nb6 12. Rfd1 Qd7 13. e5 Nc7 14. Rd2 a6 15. bxa6 Rxa6 16. Re1 Na4 17. Ne4 Nxb2 18. Rb1 Na4 19. Rxb7 Rfa8 20. h3 Rb6 21. Nxc5 dxc5 22. e6 Nc3 23. Qc4 Qb5 24. Qxb5 Rxb5 25. Rxc7 fxe6 26. dxe6 Bf6 27. Bh6 Rb6 28. Rcd7 Rbb8 29. g4 Ne4 30. Re2 Nd6 31. g5 Bc3 32. Rxe7 Re8 33. Rxe8+ Rxe8 34. Nh4 Nb5 35. Nf3 Nc7 36. e7 Nd5 37. Bf8 Bg7 38. Bxg7 Kxg7 39. Re5 Nf4 40. Kh2 c4 41. Nd4 Kf7 42. Nb5 Rxe7 43. Nd6+ Kf8 44. Rxe7 Kxe7 45. Nxc4 Ke6 46. Kg3 Kf5 47. Nd6+ Ke5 48. Nc4+ Kf5 49. Ne3+ Ke4 50. h4 Ne2+ 51. Kg4 Nd4 52. c4 Nc6 53. Kg3 Nd4 54. Nd5 Nf5+ 55. Kg4 Kd4 56. h5 Nd6 57. h6 Nxc4 58. Nf6 Ne5+ 59. Kg3 Nf7 60. Nxh7 Ke4 61. Nf8 Nxg5 62. h7 Nf7 63. Nxg6 Kf5 64. h8Q Nxh8 65. Nxh8 Kf6 66. Kf4 Kg7 67. Kg5 Kxh8 68. Kf6 Kg8 69. f4 Kf8 70. f5 1-0

[Event "Ufa Startsev Memorial Rapid"]
[Site "Ufa"]
[Date "2024.02.05"]
[Round "11"]
[White "Smirnov, Pavel"]
[Black "Dimitrov, Radoslav"]
[Result "0-1"]
[WhiteElo "2530"]
[BlackElo "2486"]
[PlyCount "118"]
[EventDate "2024.02.04"]
[EventType "swiss (rapid)"]
[EventRounds "11"]
[EventCountry "RUS"]
[SourceTitle "CB07_2024"]
[SourceDate "2024.02.14"]
[SourceVersion "1"]
[SourceVersionDate "2024.02.14"]
[SourceQuality "1"]

1. d4 Nf6 2. c4 g6 3. Nc3 d5 4. cxd5 Nxd5 5. e4 Nxc3 6. bxc3 Bg7 7. Nf3 c5 8. Bb5+ Nc6 9. 0-0 0-0 10. Bxc6 bxc6 11. Qc2 Qa5 12. a4 cxd4 13. cxd4 Bg4 14. Ne5 Bxe5 15. dxe5 Qxe5 16. Bb2 Qa5 17. Bc3 Qc5 18. Rac1 Rfd8 19. Qb2 Qb6 20. Qa3 c5 21. Ba1 Rac8 22. Qc3 f6 23. e5 Rd4 24. exf6 exf6 25. Qg3 Rxa4 26. Rfe1 Bf5 27. Red1 Rg4 28. Qe3 Qe6 29. Qc3 Re4 30. h3 h5 31. Qa3 Qb6 32. Bc3 Re2 33. Ra1 Rc2 34. Ba5 Qe6 35. Re1 Qf7 36. Bc3 Rc7 37. Re3 Kg7 38. Qa6 g5 39. Rae1 Kg6 40. Qa4 h4 41. Qa5 Rd7 42. Qxc5 Rc7 43. Qa5 Rd7 44. Qa6 Rc7 45. Qa3 Qc4 46. Ba1 Rc1 47. Qd6 Rxe1+ 48. Rxe1 Qf7 49. Qa6 Re7 50. Rc1 Re6 51. Qa5 Qd7 52. Qa3 Qe7 53. Qa5 Be4 54. Bd4 Qb7 55. Qd8 Bxg2 56. Qg8+ Kf5 57. Rc5+ Bd5 58. Rc1 Re1+ 59. Rxe1 Bxg8 0-1

[Event "Ufa Startsev Memorial Rapid"]
[Site "Ufa"]
[Date "2024.02.04"]
[Round "3"]
[White "Dimitrov, Radoslav"]
[Black "Ospennikov, Dmitry V"]
[Result "1-0"]
[WhiteElo "2486"]
[BlackElo "2171"]
[PlyCount "85"]
[EventDate "2024.02.04"]
[EventType "swiss (rapid)"]
[EventRounds "11"]
[EventCountry "RUS"]
[SourceTitle "CB07_2024"]
[SourceDate "2024.02.14"]
[SourceVersion "1"]
[SourceVersionDate "2024.02.14"]
[SourceQuality "1"]

1. c4 Nf6 2. Nc3 c5 3. g3 e6 4. Bg2 d5 5. d3 Nc6 6. Nf3 Be7 7. 0-0 0-0 8. Bg5 h6 9. Bxf6 Bxf6 10. cxd5 exd5 11. Qb3 d4 12. Nd5 Re8 13. Nd2 Be5 14. Qb5 Bd6 15. Ne4 Bf8 16. Nxc5 Bxc5 17. Qxc5 Rxe2 18. Rfe1 Rxb2 19. Nc7 Qxc7 20. Re8+ Kh7 21. Rae1 Qa5 22. Be4+ f5 23. Qxa5 Nxa5 24. Rxc8 Rxc8 25. Bxf5+ Kg8 26. Bxc8 Kf7 27. Be6+ Kf8 28. Bd5 Rd2 29. Be4 g5 30. Rc1 Ke7 31. Rc7+ Kd6 32. Rh7 Rxa2 33. Rxh6+ Kc7 34. Rg6 b5 35. Rxg5 b4 36. Rb5 b3 37. h4 b2 38. Kg2 a6 39. Rb4 Nc6 40. Bxc6 Kxc6 41. h5 a5 42. Rb8 Kc5 43. Rb3 1-0

[Event "Ufa Startsev Memorial Blitz"]
[Site "Ufa"]
[Date "2024.02.03"]
[Round "12"]
[White "Dimitrov, Radoslav"]
[Black "Belyakov, Bogdan"]
[Result "1-0"]
[WhiteElo "2486"]
[BlackElo "2416"]
[PlyCount "75"]
[EventDate "2024.02.03"]
[EventType "swiss (blitz)"]
[EventRounds "13"]
[EventCountry "RUS"]
[SourceTitle "CB07_2024"]
[SourceDate "2024.02.14"]
[SourceVersion "1"]
[SourceVersionDate "2024.02.14"]
[SourceQuality "1"]

1. c4 Nf6 2. Nc3 g6 3. g3 Bg7 4. Bg2 0-0 5. d3 c6 6. e4 e5 7. Nge2 d6 8. h3 a5 9. 0-0 Na6 10. g4 Rb8 11. f4 exf4 12. Bxf4 Qc7 13. Qd2 Re8 14. Ng3 Be6 15. Rae1 b5 16. cxb5 cxb5 17. e5 b4 18. exf6 bxc3 19. Qxc3 Qxc3 20. bxc3 Bxf6 21. Ne4 Be7 22. Nxd6 Bxd6 23. Bxd6 Rb2 24. d4 Rd8 25. Be7 Rd7 26. Bf6 Nc7 27. Rb1 Rxg2+ 28. Kxg2 Ne8 29. Rb8 Kf8 30. Rfb1 Rd6 31. Be5 Rc6 32. Rd8 f6 33. d5 Bxd5+ 34. Rxd5 fxe5 35. Rf1+ Ke7 36. Rxe5+ Kd7 37. Rf7+ Kd6 38. Rxe8 1-0

[Event "Ufa Startsev Memorial Blitz"]
[Site "Ufa"]
[Date "2024.02.03"]
[Round "4"]
[White "Dimitrov, Radoslav"]
[Black "Mukhutdinov, Tigran"]
[Result "1-0"]
[WhiteElo "2486"]
[BlackElo "2237"]
[PlyCount "59"]
[EventDate "2024.02.03"]
[EventType "swiss (blitz)"]
[EventRounds "13"]
[EventCountry "RUS"]
[SourceTitle "CB07_2024"]
[SourceDate "2024.02.14"]
[SourceVersion "1"]
[SourceVersionDate "2024.02.14"]
[SourceQuality "1"]

1. c4 Nf6 2. Nc3 d6 3. g3 Nbd7 4. Bg2 c6 5. e4 e5 6. Nge2 Be7 7. 0-0 0-0 8. d3 a6 9. b4 b5 10. a4 Bb7 11. axb5 axb5 12. Rxa8 Bxa8 13. cxb5 cxb5 14. Nxb5 Qb6 15. Nec3 d5 16. exd5 Bxb4 17. Be3 Bc5 18. Bxc5 Qxc5 19. d4 exd4 20. Qxd4 Rd8 21. Rd1 h6 22. Qxc5 Nxc5 23. d6 Bxg2 24. Kxg2 Kf8 25. Nd5 Nxd5 26. Rxd5 Ne4 27. Kf3 Nf6 28. Rc5 Ne8 29. Rc6 Rb8 30. d7 1-0

[Event "Ufa Startsev Memorial Blitz"]
[Site "Ufa"]
[Date "2024.02.03"]
[Round "9"]
[White "Kalegin, Evgenij"]
[Black "Dimitrov, Radoslav"]
[Result "1/2-1/2"]
[WhiteElo "2356"]
[BlackElo "2486"]
[PlyCount "125"]
[EventDate "2024.02.03"]
[EventType "swiss (blitz)"]
[EventRounds "13"]
[EventCountry "RUS"]
[SourceTitle "CB07_2024"]
[SourceDate "2024.02.14"]
[SourceVersion "1"]
[SourceVersionDate "2024.02.14"]
[SourceQuality "1"]

1. e4 Nf6 2. e5 Nd5 3. d4 d6 4. Nf3 g6 5. Bc4 Nb6 6. Bb3 Bg7 7. Ng5 e6 8. Qe2 Nc6 9. Nf3 dxe5 10. dxe5 Nd4 11. Nxd4 Qxd4 12. f4 Nd5 13. c3 Qb6 14. Bxd5 exd5 15. Be3 Qc6 16. 0-0 0-0 17. Nd2 a5 18. Nf3 b6 19. Qf2 Bg4 20. h3 Bxf3 21. Qxf3 Rad8 22. Rad1 Qe6 23. Bf2 Rfe8 24. Bh4 Rd7 25. Rfe1 b5 26. g4 Qb6+ 27. Bf2 Qc6 28. Bd4 f6 29. exf6 Rxe1+ 30. Rxe1 Bxf6 31. Re8+ Kf7 32. Qe3 Bxd4 33. cxd4 Qd6 34. Rh8 Kg7 35. Re8 Qf6 36. g5 Qd6 37. Qe5+ Qxe5 38. fxe5 c5 39. Kf2 cxd4 40. e6 Rc7 41. Ke2 Rc2+ 42. Kd3 Rc1 43. Re7+ Kg8 44. Kxd4 Rd1+ 45. Ke5 Re1+ 46. Kd6 d4 47. Rd7 d3 48. e7 Kf7 49. Kc6 Rxe7 50. Rxd3 Re5 51. h4 b4 52. Rd7+ Ke6 53. Rxh7 Re2 54. Ra7 Rxb2 55. Rxa5 Rh2 56. Rb5 Rxh4 57. Kc5 Rh2 58. Ra5 Rb2 59. Kc4 Rb1 60. Kd4 Rb2 61. Kc4 Rb1 62. Kd4 Rb2 63. Kc4 1/2-1/2

[Event "Arandjelovac ASK-15 GM"]
[Site "Arandjelovac"]
[Date "2023.12.22"]
[Round "6"]
[White "Raahul, VS."]
[Black "Dimitrov, Radoslav"]
[Result "1/2-1/2"]
[WhiteElo "2350"]
[BlackElo "2499"]
[PlyCount "77"]
[EventDate "2023.12.18"]
[EventType "tourn"]
[EventRounds "9"]
[EventCountry "SRB"]
[EventCategory "6"]
[SourceTitle "CB52_2023"]
[SourceDate "2023.12.27"]
[SourceVersion "1"]
[SourceVersionDate "2023.12.27"]
[SourceQuality "1"]

1. c4 c5 2. Nc3 g6 3. d4 Bg7 4. d5 Bxc3+ 5. bxc3 f5 6. h4 Nf6 7. h5 gxh5 8. Nh3 Qa5 9. Qc2 d6 10. Nf4 Nbd7 11. e3 Ne5 12. Nxh5 Nxh5 13. Rxh5 Bd7 14. f4 Ng4 15. Bd3 Nf6 16. Rh2 Rg8 17. Bd2 Qa6 18. Ke2 Kd8 19. Be1 Kc7 20. Bh4 Ng4 21. Rh3 e5 22. dxe6 Bxe6 23. Bxf5 Bxc4+ 24. Ke1 Rae8 25. e4 Nh6 26. Bxh7 Rg7 27. Bg5 Rxh7 28. e5 Rhh8 29. Rxh6 Rxh6 30. Bxh6 Bd3 31. Qf2 Qc4 32. Rd1 dxe5 33. f5 Rh8 34. Qe3 Qh4+ 35. g3 Qh1+ 36. Kf2 Qh2+ 37. Ke1 Qh1+ 38. Kf2 Qh2+ 39. Ke1 1/2-1/2

[Event "Pozarevac Rudar GM3 11"]
[Site "Pozarevac"]
[Date "2023.11.18"]
[Round "2"]
[White "Dimitrov, Radoslav"]
[Black "Boyer, Mahel"]
[Result "1-0"]
[WhiteElo "2518"]
[BlackElo "2463"]
[PlyCount "89"]
[EventDate "2023.11.17"]
[EventType "tourn"]
[EventRounds "9"]
[EventCountry "SRB"]
[EventCategory "7"]
[SourceTitle "CB49_2023"]
[SourceDate "2023.12.06"]
[SourceVersion "1"]
[SourceVersionDate "2023.12.06"]
[SourceQuality "1"]

1. g3 d5 2. Nf3 Nc6 3. d4 Bf5 4. Bg2 e6 5. 0-0 Nb4 6. c4 Nc2 7. Nh4 Nxa1 8. Nxf5 exf5 9. Nc3 Qd7 10. Nxd5 c6 11. Nc3 Bb4 12. e3 Nf6 13. Bd2 0-0 14. Qxa1 Rfe8 15. Rd1 Bxc3 16. Bxc3 Ne4 17. Be1 Rad8 18. b4 b6 19. a4 c5 20. bxc5 bxc5 21. Ba5 Rb8 22. dxc5 Qc6 23. Bc3 Red8 24. Be5 Rbc8 25. Bd6 Qa6 26. Bxe4 fxe4 27. Rd4 Qb7 28. Qd1 Re8 29. Kg2 h6 30. Qc2 Rc6 31. Rd1 h5 32. Rb1 Qd7 33. Qd1 Qf5 34. h3 Ra6 35. Rb4 Re6 36. Rb8+ Kh7 37. Bf4 Ra5 38. Qd8 Qxc5 39. Qh8+ Kg6 40. Rg8 Kf6 41. Qxg7+ Ke7 42. Qf8+ Kf6 43. Rg6+ Kxg6 44. Qh6+ Kf5 45. Qg5# 1-0

[Event "Pozarevac Rudar GM2 11"]
[Site "Pozarevac"]
[Date "2023.11.12"]
[Round "5.1"]
[White "Zemlyanskii, Ivan"]
[Black "Dimitrov, Radoslav"]
[Result "0-1"]
[WhiteElo "2368"]
[BlackElo "2518"]
[PlyCount "106"]
[EventDate "2023.11.09"]
[EventType "schev"]
[EventRounds "9"]
[EventCountry "SRB"]
[SourceTitle "CB47_2023"]
[SourceDate "2023.11.22"]
[SourceVersion "1"]
[SourceVersionDate "2023.11.22"]
[SourceQuality "1"]
[WhiteTeam "Team C"]
[BlackTeam "Team A"]
[WhiteTeamCountry "SRB"]
[BlackTeamCountry "SRB"]

1. e4 g6 2. d4 Bg7 3. Nc3 c6 4. Bc4 d6 5. Nf3 Nf6 6. Bb3 0-0 7. 0-0 Bg4 8. h3 Bxf3 9. Qxf3 Nbd7 10. Be3 Qc7 11. Rad1 b5 12. a3 a5 13. Ne2 Nb6 14. e5 dxe5 15. dxe5 Nfd5 16. e6 fxe6 17. Qe4 Qe5 18. Qxe5 Bxe5 19. Bxb6 Nxb6 20. Bxe6+ Kg7 21. c3 Rad8 22. Bb3 a4 23. Ba2 Rd6 24. Rfe1 Rfd8 25. Nd4 Bxd4 26. Rxe7+ Kh6 27. cxd4 Rxd4 28. Rde1 Rd2 29. R1e4 R8d4 30. Rxd4 Rxd4 31. Rc7 Rd6 32. g4 Kg5 33. Rxh7 Rd2 34. Rc7 Nd7 35. Rxc6 Rxb2 36. Bd5 Ne5 37. Rc3 Rd2 38. Rc5 Nd3 39. Rxb5 Nxf2 40. Bg2+ Kh4 41. Rc5 Nxh3+ 42. Bxh3 Kxh3 43. g5 Rd3 44. Rc6 Rg3+ 45. Kh1 Rxa3 46. Kg1 Rg3+ 47. Kh1 a3 48. Rc2 Rb3 49. Rh2+ Kg3 50. Rg2+ Kf3 51. Kh2 Rb2 52. Kh1 a2 53. Rg1 Rb1 0-1

[Event "Pozarevac Rudar GM2 11"]
[Site "Pozarevac"]
[Date "2023.11.11"]
[Round "3.1"]
[White "Sahib, Singh"]
[Black "Dimitrov, Radoslav"]
[Result "1/2-1/2"]
[WhiteElo "2397"]
[BlackElo "2518"]
[PlyCount "134"]
[EventDate "2023.11.09"]
[EventType "schev"]
[EventRounds "9"]
[EventCountry "SRB"]
[SourceTitle "CB47_2023"]
[SourceDate "2023.11.22"]
[SourceVersion "1"]
[SourceVersionDate "2023.11.22"]
[SourceQuality "1"]
[WhiteTeam "Team D"]
[BlackTeam "Team A"]
[WhiteTeamCountry "SRB"]
[BlackTeamCountry "SRB"]

1. e4 Nf6 2. e5 Nd5 3. d4 d6 4. c4 Nb6 5. exd6 cxd6 6. Nc3 g6 7. Be3 Bg7 8. Rc1 0-0 9. b3 Bf5 10. Nf3 d5 11. c5 Nc8 12. b4 Bg4 13. Be2 Nc6 14. a3 Bxf3 15. Bxf3 e6 16. 0-0 N8e7 17. Ne2 Nf5 18. b5 Nxe3 19. fxe3 Na5 20. Qd3 a6 21. a4 Bh6 22. b6 Qd7 23. Nc3 Rad8 24. Rfe1 Nc6 25. Rcd1 f5 26. g3 Qf7 27. Qe2 Rfe8 28. Qg2 Qf6 29. Qf2 Kg7 30. h4 Qe7 31. Qg2 Kh8 32. Kf2 Nb4 33. Kf1 Qf7 34. Qb2 Nc6 35. Na2 e5 36. Nb4 Nxb4 37. Qxb4 e4 38. Bg2 Re6 39. Kf2 Rg8 40. Qd2 g5 41. hxg5 Rxg5 42. Rh1 Qg7 43. Rdg1 Rxg3 44. Bxe4 Rxg1 45. Rxg1 Qe7 46. Bxd5 Rg6 47. Rxg6 hxg6 48. Bf3 f4 49. e4 g5 50. Qe2 Qd7 51. Qc4 g4 52. Qd5 Qxd5 53. exd5 Bg7 54. Bxg4 Bxd4+ 55. Kf3 Bxc5 56. Kxf4 Bxb6 57. Ke5 Ba5 58. Be2 Kg7 59. Ke6 Kf8 60. Kd7 Kf7 61. d6 Kf6 62. Ke8 b5 63. Bxb5 axb5 64. axb5 Ke6 65. d7 Kd6 66. d8Q+ Bxd8 67. Kxd8 Kc5 1/2-1/2

[Event "Pozarevac Rudar GM2 11"]
[Site "Pozarevac"]
[Date "2023.11.09"]
[Round "1.1"]
[White "Dimitrov, Radoslav"]
[Black "Boyer, Mahel"]
[Result "0-1"]
[WhiteElo "2518"]
[BlackElo "2463"]
[PlyCount "130"]
[EventDate "2023.11.09"]
[EventType "schev"]
[EventRounds "9"]
[EventCountry "SRB"]
[SourceTitle "CB47_2023"]
[SourceDate "2023.11.22"]
[SourceVersion "1"]
[SourceVersionDate "2023.11.22"]
[SourceQuality "1"]
[WhiteTeam "Team A"]
[BlackTeam "Team B"]
[WhiteTeamCountry "SRB"]
[BlackTeamCountry "SRB"]

1. e4 e6 2. d4 d5 3. Nc3 Nf6 4. Bg5 h6 5. Bxf6 Qxf6 6. exd5 Bb4 7. Bc4 0-0 8. Nge2 exd5 9. Bxd5 Rd8 10. 0-0 Bxc3 11. Nxc3 Nc6 12. Qh5 Bf5 13. Bb3 Bg6 14. Qb5 a6 15. Qc5 Qxd4 16. Na4 Qxc5 17. Nxc5 b6 18. Na4 Nd4 19. c4 Bd3 20. Rfe1 Bc2 21. Rac1 Bxb3 22. axb3 Nxb3 23. Rc3 Nd4 24. Kf1 Nc6 25. Rce3 Kf8 26. g3 Nd4 27. Rc1 Nf5 28. Ra3 Rd2 29. b4 Re8 30. Nc3 Nd4 31. Rxa6 Nf3 32. h3 Ne5 33. Ra2 Nxc4 34. Rxd2 Nxd2+ 35. Kg2 c6 36. Na4 b5 37. Nb6 Re6 38. Rc2 Nb3 39. Nd7+ Ke8 40. Nb8 Nd4 41. Rd2 Nf5 42. Rd7 Ne7 43. Rb7 Nd5 44. Na6 Re7 45. Rb8+ Kd7 46. Kf3 Kd6 47. Ra8 Nc7 48. Rd8+ Rd7 49. Rxd7+ Kxd7 50. Nc5+ Kd6 51. Ke4 Ne6 52. Nd3 c5 53. f4 cxb4 54. Nxb4 Kc5 55. Nc2 b4 56. Nxb4 Kxb4 57. Kd5 Nc5 58. Kd6 Ne4+ 59. Ke7 f6 60. Kf7 g5 61. Kg6 Kc5 62. Kxh6 gxf4 63. gxf4 Kd6 64. Kg6 Ke6 65. h4 Ng3 0-1

[Event "Pozarevac Rudar GM 11"]
[Site "Pozarevac"]
[Date "2023.11.05"]
[Round "6.1"]
[White "Dimitrov, Radoslav"]
[Black "Namitbir, Singh Walia"]
[Result "1/2-1/2"]
[WhiteElo "2499"]
[BlackElo "2364"]
[PlyCount "91"]
[EventDate "2023.10.31"]
[EventType "tourn"]
[EventRounds "9"]
[EventCountry "SRB"]
[EventCategory "7"]
[SourceTitle "CB46_2023"]
[SourceDate "2023.11.15"]
[SourceVersion "1"]
[SourceVersionDate "2023.11.15"]
[SourceQuality "1"]

1. c4 Nf6 2. Nc3 e5 3. Nf3 Nc6 4. e4 Bb4 5. d3 d6 6. Be2 Bg4 7. 0-0 Bxf3 8. Bxf3 Bc5 9. a3 a5 10. Be3 0-0 11. Qd2 Nd4 12. Bd1 Ne6 13. g3 c6 14. Kg2 d5 15. exd5 cxd5 16. cxd5 Nxd5 17. Nxd5 Qxd5+ 18. Bf3 Bxe3 19. Qxe3 Qb5 20. a4 Qxb2 21. Rab1 Qa3 22. Qxe5 Qxa4 23. Rxb7 Rad8 24. Ra1 Qd4 25. Qxd4 Rxd4 26. Rxa5 Rxd3 27. Bd5 Rd2 28. Ba2 h6 29. Raa7 Nd8 30. Rc7 g6 31. g4 g5 32. Kg3 Rd3+ 33. f3 Kg7 34. Ra6 Re8 35. Bb1 Rd2 36. Ra2 Ree2 37. Rxd2 Rxd2 38. Bf5 Kf6 39. h4 gxh4+ 40. Kxh4 h5 41. Rd7 Rxd7 42. Bxd7 hxg4 43. fxg4 Ke7 44. Ba4 f6 45. g5 fxg5+ 46. Kxg5 1/2-1/2

[Event "Pozarevac Rudar GM 11"]
[Site "Pozarevac"]
[Date "2023.11.02"]
[Round "3.1"]
[White "Spasic, Petar"]
[Black "Dimitrov, Radoslav"]
[Result "1/2-1/2"]
[WhiteElo "2328"]
[BlackElo "2499"]
[PlyCount "81"]
[EventDate "2023.10.31"]
[EventType "tourn"]
[EventRounds "9"]
[EventCountry "SRB"]
[EventCategory "7"]
[SourceTitle "CB46_2023"]
[SourceDate "2023.11.15"]
[SourceVersion "1"]
[SourceVersionDate "2023.11.15"]
[SourceQuality "1"]

1. c4 g6 2. d4 Nf6 3. Nc3 d5 4. cxd5 Nxd5 5. e4 Nxc3 6. bxc3 Bg7 7. Nf3 c5 8. Bb5+ Bd7 9. Bxd7+ Nxd7 10. 0-0 0-0 11. Bf4 Re8 12. Rb1 b6 13. Qa4 e5 14. dxe5 Nxe5 15. Bxe5 Bxe5 16. Rbd1 Qf6 17. Rd7 Bxc3 18. Rxa7 Rxa7 19. Qxa7 Qc6 20. Rb1 b5 21. Rc1 b4 22. e5 Qd5 23. h4 h6 24. Qb6 h5 25. a3 Ra8 26. axb4 cxb4 27. Qc7 Kg7 28. Rxc3 bxc3 29. Qxc3 Kg8 30. Qe3 Ra1+ 31. Kh2 Ra4 32. Qc3 Qc4 33. Qd2 Qf4+ 34. Qxf4 Rxf4 35. Kg1 Kf8 36. Kf1 Ke7 37. Ke2 Ke6 38. Ke3 Ra4 39. g3 Kf5 40. Kd3 Re4 41. e6 1/2-1/2

[Event "Bratislava exe op"]
[Site "Bratislava"]
[Date "2023.09.22"]
[Round "8"]
[White "Pasti, Aron"]
[Black "Dimitrov, Radoslav"]
[Result "1-0"]
[WhiteElo "2372"]
[BlackElo "2511"]
[PlyCount "113"]
[EventDate "2023.09.15"]
[EventType "swiss"]
[EventRounds "9"]
[EventCountry "SVK"]
[SourceTitle "EXT 2024"]
[Source "ChessBase"]
[SourceDate "2023.10.10"]
[SourceVersion "1"]
[SourceVersionDate "2023.10.10"]
[SourceQuality "1"]

1. e4 c6 2. d4 d5 3. Nc3 dxe4 4. Nxe4 Bf5 5. Ng3 Bg6 6. h4 h6 7. Nf3 e6 8. h5 Bh7 9. Bd3 Bxd3 10. Qxd3 Nf6 11. Bd2 c5 12. Ne4 Nc6 13. dxc5 Qxd3 14. cxd3 Nxe4 15. dxe4 Bxc5 16. Rc1 Bb6 17. Ke2 Ke7 18. Rhd1 Rhd8 19. Be3 Bxe3 20. Kxe3 Rac8 21. Rxd8 Rxd8 22. a3 Kd6 23. Nd4 Kc7 24. Nxc6 bxc6 25. b4 Rb8 26. Rc5 Kb6 27. a4 a6 28. f4 Rd8 29. a5+ Kc7 30. Rc1 Rb8 31. Rc4 Rb5 32. e5 g6 33. hxg6 fxg6 34. Ke4 Rd5 35. Rc3 Rb5 36. Rc4 Kd7 37. Rd4+ Rd5 38. Rd3 g5 39. fxg5 hxg5 40. Rh3 c5 41. bxc5 Rxc5 42. Rh7+ Ke8 43. Rh8+ Kf7 44. Rh7+ Kf8 45. Rh6 Ke7 46. Rh7+ Kd8 47. Rh8+ Kd7 48. Rh7+ Kc6 49. Re7 Rc4+ 50. Kd3 Rg4 51. Rxe6+ Kb5 52. Rb6+ Kc5 53. e6 Rg3+ 54. Ke4 Rxg2 55. Kf5 g4 56. e7 Rf2+ 57. Kg6 1-0

[Event "Bratislava exe op"]
[Site "Bratislava"]
[Date "2023.09.18"]
[Round "4"]
[White "Lecky, Juraj"]
[Black "Dimitrov, Radoslav"]
[Result "0-1"]
[WhiteElo "2122"]
[BlackElo "2511"]
[PlyCount "106"]
[EventDate "2023.09.15"]
[EventType "swiss"]
[EventRounds "9"]
[EventCountry "SVK"]
[SourceTitle "EXT 2024"]
[Source "ChessBase"]
[SourceDate "2023.10.10"]
[SourceVersion "1"]
[SourceVersionDate "2023.10.10"]
[SourceQuality "1"]

1. d4 g6 2. e4 Bg7 3. c4 Nc6 4. Nf3 d6 5. d5 Ne5 6. Be2 Nxf3+ 7. Bxf3 Nf6 8. Nc3 Nd7 9. Be3 0-0 10. g4 c6 11. h3 Qa5 12. Qd2 b5 13. Be2 b4 14. Nd1 Nc5 15. f3 cxd5 16. cxd5 Nb3 17. axb3 Qxa1 18. h4 Ba6 19. Bxa6 Qxa6 20. h5 Rac8 21. Qh2 Qd3 22. hxg6 fxg6 23. Qxh7+ Kf7 24. Rh6 Ke8 25. Qxg6+ Rf7 26. Rh2 Rc2 27. Rxc2 Qxc2 28. f4 Qxb3 29. e5 Kf8 30. Qe6 Qc4 31. exd6 exd6 32. Qxd6+ Re7 33. Kd2 Bxb2 34. Nxb2 Qc3+ 35. Kd1 Qb3+ 36. Kc1 Qxe3+ 37. Kb1 b3 38. Qf6+ Kg8 39. Qg5+ Kf8 40. Qf6+ Ke8 41. Qg6+ Kd8 42. Qd6+ Rd7 43. Qf6+ Qe7 44. Qh8+ Kc7 45. Qc3+ Kb8 46. Qxb3+ Rb7 47. Qd1 Qe4+ 48. Ka2 Qxf4 49. Qe2 a6 50. Nc4 Qf7 51. Qe5+ Ka8 52. Qd4 Qg7 53. Ne5 Re7 0-1